Statistiques concernant Pays les plus proches de Timor-Leste - une minute sprint

Cliquez ici pour prendre le quiz!

Statistiques générales

  • Ce quiz a été pris 61 fois
  • Le résultat moyen est 15 sur 20

Statistiques - réponses

kmpays% Correct
0Indonésie
100%
1594Malaisie
96%
2899Viêt Nam
90%
3227Laos
88%
461Australie
85%
3796Inde
83%
3549Myanmar
83%
2979Thaïlande
83%
1506Papouasie-
Nouvelle-Guinée
79%
1538Philippines
79%
3433Chine
77%
2516Singapour
77%
2988Cambodge
75%
1813Brunei
69%
1620Palaos
56%
3436Taïwan
56%
2176Micronésie
54%
3624Japon
52%
3109Salomon
52%
4319Vanuatu
35%

Distribution des résultats

Percentile par nombre de réponses

% des personnes avec chaque résultat

Votre développement - résultats

Vous n’avez pas pris ce quiz